Manual de química fisiológica / (Registro nro. 6964)
[ vista simple ]
| 000 -LEADER | |
|---|---|
| fixed length control field | 01620nam a22002657a 4500 |
| 003 - CONTROL NUMBER IDENTIFIER | |
| control field | OSt |
| 005 - DATE AND TIME OF LATEST TRANSACTION | |
| control field | 20201023164543.0 |
| 008 - FIXED-LENGTH DATA ELEMENTS--GENERAL INFORMATION | |
| fixed length control field | 201023s1980 mx ad||gr|||| 00| 0 spa d |
| 020 ## - INTERNATIONAL STANDARD BOOK NUMBER | |
| International Standard Book Number | 9684261292 |
| 040 ## - CATALOGING SOURCE | |
| Original cataloging agency | CO-JMCR |
| Transcribing agency | CO-JMCR |
| 041 0# - LANGUAGE CODE | |
| Language code of text/sound track or separate title | spa |
| 082 04 - DEWEY DECIMAL CLASSIFICATION NUMBER | |
| Classification number | 612.015 / |
| Item number | H293m |
| Edition number | 23 |
| 100 1# - MAIN ENTRY--PERSONAL NAME | |
| Personal name | Harper, Harold A., |
| Relator term | autor |
| 9 (RLIN) | 11904 |
| 245 10 - TITLE STATEMENT | |
| Title | Manual de química fisiológica / |
| Statement of responsibility, etc. | Dr. Harold A. Harper, Dr. Victor W. Rodwell, Dr. Peter A. Mayes |
| 250 ## - EDITION STATEMENT | |
| Edition statement | Séptima edición |
| 260 ## - PUBLICATION, DISTRIBUTION, ETC. | |
| Place of publication, distribution, etc. | México : |
| Name of publisher, distributor, etc. | Manual moderno, |
| Date of publication, distribution, etc. | 1980. |
| 300 ## - PHYSICAL DESCRIPTION | |
| Extent | 793 páginas : |
| Other physical details | ilustraciones, gráficos a blanco y negro ; |
| Dimensions | 24 cm. |
| 505 0# - FORMATTED CONTENTS NOTE | |
| Formatted contents note | Agua -- Aminoácidos y péptidos -- Proteínas -- Propiedades generales de las enzimas -- Propiedades cinéticas de las enzimas -- Regulación de la actividad enzimática -- Glúcidos -- Lípidos -- Nucleótidos -- Ácidos nucleicos y cromatina -- Vitaminas liposolubles -- Vitaminas hidrosolubles -- Sangre, linfa y líquido cefalorraquídeo -- Química de la respiración -- Porfirinas de la respiración -- Porfirinas y pigmentos biliares -- Digestión y absorción en el sistema digestivo -- Bioenergética -- Oxidación biológica -- El ciclo del ácido cítrico -- Metabolismo de los carbohidratos -- Metabolismo de los lípidos -- Metabolismo de los lípidos -- Regulación del metabolismo de los carbohidratos y de los lípidos -- |
| 650 24 - SUBJECT ADDED ENTRY--TOPICAL TERM | |
| Topical term or geographic name entry element | Bioquímica |
| 9 (RLIN) | 11905 |
| 650 24 - SUBJECT ADDED ENTRY--TOPICAL TERM | |
| Topical term or geographic name entry element | Citoquímica |
| 9 (RLIN) | 11906 |
| 650 24 - SUBJECT ADDED ENTRY--TOPICAL TERM | |
| Topical term or geographic name entry element | Metabolismo |
| General subdivision | Lípidos |
| 9 (RLIN) | 11907 |
| 700 1# - ADDED ENTRY--PERSONAL NAME | |
| Personal name | Rodwell, Dr. Harold A., |
| Relator term | autor |
| 9 (RLIN) | 11908 |
| 700 1# - ADDED ENTRY--PERSONAL NAME | |
| Personal name | Mayes, Dr. Victor W., |
| Relator term | autor |
| 9 (RLIN) | 11909 |
| 942 ## - ADDED ENTRY ELEMENTS (KOHA) | |
| Source of classification or shelving scheme | Dewey Decimal Classification |
| Koha item type | Books |
| Withdrawn status | Lost status | Source of classification or shelving scheme | Damaged status | Not for loan | Home library | Current library | Shelving location | Date acquired | Source of acquisition | Total Checkouts | Full call number | Barcode | Date last seen | Date last checked out | Copy number | Price effective from | Koha item type |
|---|---|---|---|---|---|---|---|---|---|---|---|---|---|---|---|---|---|
| Dewey Decimal Classification | Biblioteca Pública José María del Castillo y Rada | Biblioteca Pública José María del Castillo y Rada | General Stacks | 10/02/2020 | Donación | 1 | 612.015 / H293m | 201810006 | 02/20/2026 | 02/20/2026 | Ej.1 | 10/02/2020 | Books |